Who sang that hip-hop lyric? - Statistics

General Stats
  • This quiz has been taken 98 times
    58 since last reset
  • The average score is 3 of 22
Answer Stats
Hint Answer % Correct
Laid back, with my mind on my money and my money on my mind Snoop Dogg (Gin and Juice)
61%
They wanna rumble? Mix 'em an' cook 'em in a pot like gumbo. NWA (Straight Outta Compton)
54%
Catch me at the X with the OG at the Yankee game, (sic) I made the Yankee hat more famous than a Yankee can. Jay Z. (Empire State of Mind)
43%
I gave Bruce Wayne a Valium and said... I'm ready for combat, man.' Get it? 'Calm Batman?' Eminem (Won't Back Down)
22%
Fish, which is my favorite dish, but without the money it's still a wish. Eric B and Rakim (Paid in Full)
20%
I'm like Tyson, icin', a soldier at war. I'm makin' sure you don't try to battle me no more. L.L. Cool J (I'm Bad)
20%
Me found sorrow in that diablo, me find bravery in my bravado. Kanye West (Dark Fantasy)
17%
Well, you should keep quiet while the MC rap, but if you're tired, then go take a nap! EPMD (You Gots to Chill)
7%
One of us, equals many of us. Disrespect one of us, you'll see plenty of us. Gang Starr (The Militia)
7%
I kick a rhyme drinking moonshine, pour a sip on the concrete for the deceased, but no, don't weep. The Fugees (Ready or Not)
7%
I've got a hole in my head and there's no one to fix it, I gotta straighten my thoughts, I'm thinkin' too much sick... Beastie Boys (Sure Shot)
4%
And for dessert, it won't be no ice cream, I'm just gonna splatter and shatter his pipe dream. Kool Moe Dee (How Ya Like Me Now)
4%
I'm about to change the focus from the riches' to the brokes'. Lauryn Hill (Final Hour)
4%
You're so pathetic you make my stomach turn. You beg, you borrow, now you have to learn. MC Lyte (Lyte as a Rock)
4%
Unconceivable, unbelievable, grammar like a hammer information receivable. Run DMC (Tougher Than Leather)
4%
Now, when I'm swimmin' through the joint I put the funk on hold, 'cause if I don't you'll see the bubbles come up. De La Soul (Oooh!)
2%
Why this, why that, lips stop askin', listen to me baby; relax and start passin'. Eve (Let Me Blow Ya Mind)
2%
High flyin' like the Millenium Falcon, mic is in my hand solo, never roll for dolo, frontin' on me's a no-no. Mos Def (Know That)
2%
Hard-my calling card, recorded and ordered, supporter of Chesimard. Public Enemy (Rebel Without a Pause)
2%
These cats drink champaign, and toast death and pain, like two slaves on a ship talkin' 'bout who's got the flyest chain Talib Kweli (Africa Dream)
2%
Let's get off the chain, like Kunta Kinte with a Mac 10, They want us gone like a dollar in a crack den The Coup (My Favorite Mutany)
2%
Lay you on floors like ya gettin' carpeted, you need a special kind of mic for retarded kids. The Roots (Adrenaline)
2%
No matching quizzes found
Score Distribution
Percent of People with Each Score
Percentile by Number Answered
Your Score History
You have not taken this quiz since the last reset